<?xml version="1.0" encoding="UTF-8"?>
<marc:record xmlns:marc="http://www.loc.gov/MARC21/slim">
   <marc:leader>00000nam a2200000 a 4500</marc:leader>
   <marc:datafield ind1="1" ind2=" " tag="100">
      <marc:subfield code="a">Mai, Klaus-Rüdiger</marc:subfield>
      <marc:subfield code="4">aut</marc:subfield>
      <marc:subfield code="e">Verfasser/-in</marc:subfield>
   </marc:datafield>
   <marc:datafield ind1="0" ind2="0" tag="245">
      <marc:subfield code="a">Die Bachs</marc:subfield>
   </marc:datafield>
   <marc:datafield ind1="0" ind2="0" tag="245">
      <marc:subfield code="b">Eine deutsche Familie</marc:subfield>
   </marc:datafield>
   <marc:datafield ind1="0" ind2="0" tag="245">
      <marc:subfield code="c">Mai, Klaus-Rüdiger</marc:subfield>
   </marc:datafield>
   <marc:datafield ind1=" " ind2="1" tag="264">
      <marc:subfield code="a">Frankfurt am Main ; Berlin</marc:subfield>
      <marc:subfield code="b">Propyläen</marc:subfield>
      <marc:subfield code="c">2013</marc:subfield>
   </marc:datafield>
   <marc:datafield ind1="1" ind2=" " tag="520">
      <marc:subfield code="a">Mit der abenteuerlichen Flucht des Lutheraners Veit Bach in den religiösen Wirren des 16. Jahrhunderts aus Ungarn nach Thüringen tritt eine der bemerkenswertesten Musikerdynastien Deutschlands auf den Plan. Über mehrere Generationen hinweg sollten etwa dreißig Bachs  Vorfahren, Geschwister und Nachkommen des großen Johann Sebastian  das Musikgeschehen Deutschlands und Europas maßgeblich prägen. Klaus-Rüdiger Mai legt die erste große Familienbiographie der Bachs vor, ein einzigartiges Kapitel deutscher Kulturgeschichte über drei Jahrhunderte hinweg. Mai erzählt die Bachsche Familienchronik vor dem Hintergrund des aufstrebenden Bürgertums, das in Sachsen und Thüringen, wo die Bachs lebten und wirkten, ein geistiges Zentrum hatte. Er verfolgt ihren Weg nach London, Stockholm, Venedig oder Mailand, wo sie das europäische Musikleben nachhaltig beeinflussten. An den Entwicklungen ihrer Zeit, die von Luthers Reformation und der Aufklärung geprägt war, nahmen sie aktiv teil: eine moderne bürgerliche Familie, die mit ihrer Musik dem zu Selbstbewusstsein und Unabhängigkeit gelangten Bürgertum Ausdruck verlieh.</marc:subfield>
   </marc:datafield>
   <marc:datafield ind1=" " ind2=" " tag="020">
      <marc:subfield code="a">9783549074275</marc:subfield>
      <marc:subfield code="9">9783549074275</marc:subfield>
   </marc:datafield>
   <marc:datafield ind1=" " ind2=" " tag="020">
      <marc:subfield code="a">3549074271</marc:subfield>
      <marc:subfield code="9">3549074271</marc:subfield>
   </marc:datafield>
   <marc:datafield ind1=" " ind2=" " tag="041">
      <marc:subfield code="a">ger</marc:subfield>
   </marc:datafield>
   <marc:datafield ind1=" " ind2=" " tag="338">
      <marc:subfield code="a">Band</marc:subfield>
   </marc:datafield>
   <marc:datafield ind1=" " ind2=" " tag="300">
      <marc:subfield code="a">460 S. : mit 16 S. s</marc:subfield>
   </marc:datafield>
</marc:record>
